| 000 | 00886nam a22003137a 4500 | ||
|---|---|---|---|
| 003 | CHAP | ||
| 005 | 20220329135523.0 | ||
| 008 | 971013s r 00010 d | ||
| 010 | _a37976 | ||
| 011 | _a38948 | ||
| 035 | _a43068 | ||
| 040 | _cCHAP | ||
| 090 | _aFolleto 11579y | ||
| 100 | 0 | 0 |
_aMillers' National Federation. Washington. _975814 |
| 245 | 1 | _aHarina de trigo fortificada con soya | |
| 260 |
_aWashington : _bThe Federation, _c(s.a.) |
||
| 300 | _a16 p | ||
| 500 | _aFotocopia | ||
| 590 |
_aBATCH-UPD _b10 _c20130110 _lUCH01 _h0123 |
||
| 590 |
_aBATCH-UPD _b10 _c20130110 _lUCH01 _h1440 |
||
| 590 |
_aCONVERSION _b10 _c20130109 _lUCH01 _h1321 |
||
| 650 | 1 | 4 |
_aGalletas. _944431 |
| 650 | 1 | 4 |
_aHarina de soya. _952729 |
| 650 | 1 | 4 |
_aHarina. _952679 |
| 650 | 1 | 4 |
_aPan. _985041 |
| 901 | _aBK | ||
| 942 | _cFOLL | ||
| 949 |
_aFolleto 11579y _bBC _cFOLL _d-98919 _eTS1 _i43068 _si |
||
| 999 |
_c37976 _d37976 |
||